000 00718nam a2200241 i 4500
001 C2-0277648
003 PPAK
005 20180728005618.0
008 070122s2006 nyu |||| ||||| | eng d
020 _a0767920562
040 _aPPAK
_beng
_cPPAK
_erda
082 0 4 _a305.8
_223
090 0 0 _a305.8
_bRAP
_dLCK
100 1 _aRapaille, Clotaire,
_eauthor
245 1 4 _aThe culture code :
_ban ingenious way to understand why people around the world buy and live as they do
264 1 _aNew York :
_bBroadway Books ,
_c2006
300 _ax, 208 pages ;
_c25 cm
336 _2rdacontent
_atext
337 _2rdamedia
_aunmediated
338 _2rdacarrier
_avolume
650 1 0 _aSocial perception.
942 _ddc
_cB
999 _c84809
_d84809